000 00780nam a22002297a 4500
999 _c64198
_d64198
005 20240530110719.0
008 180319s2017 ua f 000 e ara d
017 _a2016/27255
_bمصر. دار الكتب
020 _a9789777951050
040 _aEG-CaGPL
_cEG-CaGPL
082 0 4 _221
_a814.9962
_bق/و ف
100 0 _aوسيم السيسى
245 1 0 _aفى البدء كانت مصر /
_c وسيم السيسى .
250 _aط.1
260 _aالقاهرة :
_bالدار المصرية اللبنانية ،
_c2017 .
300 _a175 ص. ؛
_c19 سم.
650 0 7 _2qrmak
_aالمقالات العربية
650 0 7 _2qrmak
_aالمقالات العربية
_zمصر
651 _2qrmak
942 _2ddc
_cBK